| 000 | 01132nam a2200241Ia 4500 | ||
|---|---|---|---|
| 001 | 21665 | ||
| 005 | 20260417120558.0 | ||
| 008 | 260320s9999||||xx |||||||||||||| ||und|| | ||
| 020 | _a9786203876628 | ||
| 041 | _aESP | ||
| 082 |
_a155.28 _bC12 |
||
| 100 |
_aCabrera Macías, Yolanda, _eAUT |
||
| 245 | 0 |
_aPsicodiagnóstico : habilidades imprescindibles en el siglo XXI : _benseñanza del psicodiagnóstico: habilidades que la definen |
|
| 260 |
_a[Lugar de publicación no identificado] : _bEditorial Académica Española, _c2021 |
||
| 300 |
_a75 páginas : _btablas ; _c22 cm. |
||
| 650 | _aPSI | ||
| 653 | _aPsicodiagnóstico | ||
| 654 | _aCPS | ||
| 700 |
_aLópez González, Ernesto José, _cAUT |
||
| 856 |
_uhttps://0u20ywvoo-y-https-www-bibliotechnia-com-mx.itmsp.museknowledge.com/otros/visor/?bock=35043 _zVéase además: Psicodiagnóstico de Rorschach : apuntes para el análisis y elaboración del informe, por Ana Rita Oliva Cúneo, Versión digital |
||
| 856 |
_uhttps://0u20ywvou-y-https-www-bibliotechnia-com-mx.itmsp.museknowledge.com/ _zVéase además: Base de datos BiblioTechnia |
||
| 942 |
_cLIB _dJUS _fMAT _2ddc |
||
| 999 |
_c21665 _d21665 |
||